Shipping performance management / (Record no. 3161)
[ view plain ]
| 000 -LEADER | |
|---|---|
| fixed length control field | 02764cam a22004578i 4500 |
| 006 - FIXED-LENGTH DATA ELEMENTS--ADDITIONAL MATERIAL CHARACTERISTICS--GENERAL INFORMATION | |
| fixed length control field | m o d |
| 007 - PHYSICAL DESCRIPTION FIXED FIELD--GENERAL INFORMATION | |
| fixed length control field | cr ||||||||||| |
| 008 - FIXED-LENGTH DATA ELEMENTS--GENERAL INFORMATION | |
| fixed length control field | 230720s2024 enk ob 001 0 eng |
| 020 ## - INTERNATIONAL STANDARD BOOK NUMBER | |
| International Standard Book Number | 9781315717845 |
| Qualifying information | (ebk) |
| 020 ## - INTERNATIONAL STANDARD BOOK NUMBER | |
| International Standard Book Number | 1315717840 |
| 020 ## - INTERNATIONAL STANDARD BOOK NUMBER | |
| International Standard Book Number | 9781317511199 |
| Qualifying information | (electronic bk. : Mobipocket) |
| 020 ## - INTERNATIONAL STANDARD BOOK NUMBER | |
| International Standard Book Number | 1317511190 |
| Qualifying information | (electronic bk. : Mobipocket) |
| 020 ## - INTERNATIONAL STANDARD BOOK NUMBER | |
| International Standard Book Number | 9781317511212 |
| Qualifying information | (electronic bk. : PDF) |
| 020 ## - INTERNATIONAL STANDARD BOOK NUMBER | |
| International Standard Book Number | 1317511212 |
| Qualifying information | (electronic bk. : PDF) |
| 020 ## - INTERNATIONAL STANDARD BOOK NUMBER | |
| International Standard Book Number | 9781317511205 |
| Qualifying information | (electronic bk. : EPUB) |
| 020 ## - INTERNATIONAL STANDARD BOOK NUMBER | |
| International Standard Book Number | 1317511204 |
| Qualifying information | (electronic bk. : EPUB) |
| 020 ## - INTERNATIONAL STANDARD BOOK NUMBER | |
| Qualifying information | (hbk) |
| 020 ## - INTERNATIONAL STANDARD BOOK NUMBER | |
| Qualifying information | (pbk) |
| 040 ## - CATALOGING SOURCE | |
| Original cataloging agency | IMU Kochi Library |
| Language of cataloging | eng |
| 041 0# - LANGUAGE CODE | |
| Language code of text/sound track or separate title | eng |
| 082 00 - DEWEY DECIMAL CLASSIFICATION NUMBER | |
| Classification number | 387.5068 |
| Edition number | 23/eng/20230920 |
| 100 1# - MAIN ENTRY--PERSONAL NAME | |
| Personal name | Panayides, Photis M., |
| 245 10 - TITLE STATEMENT | |
| Title | Shipping performance management / |
| 300 ## - PHYSICAL DESCRIPTION | |
| Extent | 1 online resource. |
| 490 0# - SERIES STATEMENT | |
| Series statement | Lloyd's practical shipping guides |
| 520 ## - SUMMARY, ETC. | |
| Summary, etc | "In the dynamic and volatile shipping industry, effective performance management is essential to an organization's success. This book is a practical guide to developing a holistic and comprehensive performance measurement and management system in shipping. Companies in the shipping industry must perform well across many facets of the organization in order to satisfy an array of demands and obligations arising from a complex environment of customers, partners, competitors and regulators. This book shows how companies can develop systems to effectively gauge and monitor organizational performance, including among others strategic, economic, environmental, social and operational performance. Topics covered include: tools and approaches for measuring performance; strategy and the use of the Balanced Scorecard; the mapping of shipping business strategy; the development of KPIs; cascation; and implementation. This authoritative guide to performance measurement and management is an essential resource for managers in the shipping and maritime transport industry, as well as those aspiring to hone their skills in the art of performance management and decision making"-- |
| 650 #0 - SUBJECT ADDED ENTRY--TOPICAL TERM | |
| Topical term or geographic name as entry element | Shipping |
| General subdivision | Management. |
| 650 #7 - SUBJECT ADDED ENTRY--TOPICAL TERM | |
| Topical term or geographic name as entry element | LAW / Maritime |
| Source of heading or term | bisacsh |
| 650 #7 - SUBJECT ADDED ENTRY--TOPICAL TERM | |
| Topical term or geographic name as entry element | BUSINESS & ECONOMICS / Strategic Planning |
| Source of heading or term | bisacsh |
| 852 ## - LOCATION/CALL NUMBER | |
| Location | IMU Kochi Library |
| 856 40 - ELECTRONIC LOCATION AND ACCESS | |
| Uniform Resource Identifier | <a href="https://www.taylorfrancis.com/books/9781315717845">https://www.taylorfrancis.com/books/9781315717845</a> |
| 856 42 - ELECTRONIC LOCATION AND ACCESS | |
| Uniform Resource Identifier | <a href="http://www.oclc.org/content/dam/oclc/forms/terms/vbrl-201703.pdf">http://www.oclc.org/content/dam/oclc/forms/terms/vbrl-201703.pdf</a> |
| 904 ## - LOCAL DATA ELEMENT D, LDD (RLIN) | |
| CATALOGER | Rudra Ranjan |
| 905 ## - LOCAL DATA ELEMENT E, LDE (RLIN) | |
| VERIFIER | Rudra Ranjan |
| 942 ## - ADDED ENTRY ELEMENTS (KOHA) | |
| Item type | E-Book |
| 264 #1 - | |
| -- | Abingdon, Oxon ; |
| -- | New York, NY : |
| -- | Routledge, |
| -- | 2024. |
| 520 ## - SUMMARY, ETC. | |
| -- | Provided by publisher. |
No items available.